| 000 | 00000nas##2200000za#4500 |
| 001 | 9.500610 |
| 003 | CaOODSP |
| 005 | 20200331211134 |
| 007 | cr ||||||||||| |
| 008 | 150406c1998||||xxc|| p o||||f| |0fre|d |
| 040 | |aCaOODSP|bfre |
| 041 | |aeng |
| 041 | |afre |
| 043 | |an-cn--- |
| 086 | 1 |aSE2-6-PDF |
| 110 | 1 |aCanada.|bÉlections Canada. |bDirecteur général des élections du Canada. |
| 245 | 10|aÉlections partielles ... résultats officiels du scrutin / |h[ressource électronique]|cPublié par le directeur général des élections du Canada. |
| 260 | |aOttawa - Ontario : |bÉlections Canada. |cc1998-[2000]. |
| 310 | |aAnnuel |
| 362 | 1 |a1998-2000 |
| 500 | |aNe paraît plus après la livr. de 2000? |
| 546 | |a(Bilingue) |
| 691 | 07|aÉlection partielle|2gcpds |
| 791 | |tBy-elections ..., official voting results / |eeng|w(CaOODSP)9.500609 |